| 000 | 00360nam a22001457a 4500 | ||
|---|---|---|---|
| 003 | MACL | ||
| 005 | 20191210160354.0 | ||
| 008 | 191210b xxu||||| |||| 00| 0 eng d | ||
| 040 | _cMACL | ||
| 100 |
_aMalhotra, Anil _977506 |
||
| 245 | _aThe Life of Shivaji Maharaj | ||
| 260 |
_aAllahabad _bShabd Pra _c2017 |
||
| 650 |
_aBiography _977507 |
||
| 942 |
_2ddc _cBK |
||
| 999 |
_c61551 _d61551 |
||